000 00620nam a2200229Ia 4500
003 OSt
005 20220924115245.0
006 a|||||r|||| 00| 0
007 ta
008 220923b |||||||| |||| 00| 0 urd d
024 _a310060
037 _cTextual
040 _aARTS
_cARTS
_burd
041 _2urd
_aurd
082 _aO168:gxM8A,4, G9
100 _aAbdul Haq
_9169372
245 0 _aChand tanqeedat-e-Abdul Haq
260 _aDelhi
_bAnjuman Taraqqi Urdu India
_c1939
650 _aURDU LITERATURE
942 _hO168:gxM8A,4, G9
_cTEXL
_2CC
999 _c397493
_d397493